| 000 | 00747cam a2200277 a 4500 | ||
|---|---|---|---|
| 020 | _a0027263169 | ||
| 040 | _cDLC | ||
| 082 | 0 | 0 | _a382 NEW 1994 A068 Or. |
| 100 | 1 | _aReid, Struan. | |
| 245 | 1 | 4 | _aThe silk and spice routes. |
| 246 | 3 | 0 | _aInventions and trade |
| 260 |
_aNew York : _bNew Discovery, _c[1994]. |
||
| 300 |
_a43 p. : _bcol. ill. , maps ; _c30 cm. |
||
| 500 | _a"Integral study of the Silk Roads."Cf. cover. | ||
| 500 | _aIncludes index. | ||
| 650 | 0 | _aTechnological innovations | |
| 650 | 0 | _aEconomic history | |
| 650 | 0 | _aInventions | |
| 650 | 0 | _aCommerce | |
| 650 | 0 | _aTrade routes | |
| 650 | 1 | _aTechnological innovations. | |
| 650 | 1 | _aInventions | |
| 650 | 1 | _aCommerce | |
| 650 | 1 | _aTrade routes | |
| 942 | _cEK | ||
| 999 |
_c14948 _d14948 |
||